000 00528nam a2200181Ia 4500
008 090124s9999 xx 000 0 und d
082 _b126274
100 _aबनहट्टी राजेंद्र
245 _a मध्यांतर
250 _a1
260 _c1994
300 _a128
600 _aबनहट्टी राजेंद्र
630 _a मध्यांतर
700 _aबनहट्टी राजेंद्र
730 _a मध्यांतर
942 _cBOOK
999 _c172364
_d172364